| 000 | 01999nam0a2200349 4500 | ||
|---|---|---|---|
| 001 | RU\NLR\bibl\71811 | ||
| 005 | 20260405115325.0 | ||
| 010 |
_a5-86151-069-5 _9100 |
||
| 021 |
_aRU _b1999-43946 _92161 |
||
| 035 | _a(NLR Aleph) 000070067 | ||
| 090 |
_a385941 _c385941 |
||
| 100 | _a20000223d1999 |||y0rusy50 ca | ||
| 101 | 0 | _arus | |
| 102 | _aRU | ||
| 105 | _aa ||||||||| | ||
| 200 | 1 |
_aУстройства и агрегаты пневмоавтоматики стартовых комплексов.Конструкции и характеристики _eУчеб. пособие _e[Для студентов спец. 121100 "Гидромашины, гидроприводы и гидропневмоавтоматика"] _fЮ.Л. Арзуманов, Е.М. Халатов, Р.А. Петров и др. _gМ-во общ. и проф. образования Рос. Федерации, Ковр. гос. технол. акад. |
|
| 210 |
_aКовров _cКГТА _d1999 |
||
| 215 |
_a103 с. _cил. _d20 |
||
| 320 | _aБиблиогр.: с. 102 (9 назв.) | ||
| 606 | 0 |
_aСтартовые комплексы _jРуководства, пособия и т.п. для высшей школы _xПневмоавтоматика _92283914 _3RU\NLR\auth\661368216 |
|
| 606 | 0 |
_aСтартовые комплексы _jУчебные издания для высшей школы _xПневмоавтоматика _92283914 _3RU\NLR\auth\661368216 |
|
| 686 | _aО62-082.022.3-51-04я73-1 | ||
| 701 | 1 |
_aАрзуманов _bЮ. Л. _gЮрий Леонович _4070 |
|
| 701 | 1 |
_aХалатов _bЕ. М. _gЕвгений Михайлович _4070 |
|
| 701 | 1 |
_4070 _8rus _7ca _aПетров _bР. А. _cканд. техн. наук _gРудольф Алексеевич _3RU\NLR\auth\7745713 _928648 |
|
| 801 | 0 |
_aRU _bNLR _c20000223 _gPSBO |
|
| 801 | 1 |
_aRU _bNLR _c20000223 |
|
| 830 | _aАвт. даны по кн. | ||
| 852 |
_aNLR _j99-3/19301 |
||
| 942 | _cBOOK | ||
| 980 | _aNB | ||